| 000 | 00350nam a22001457a 4500 | ||
|---|---|---|---|
| 020 | _a9789693502824 | ||
| 040 | _cNUST | ||
| 082 |
_a891.4392 _bASG |
||
| 100 |
_aAsghar Nadeem Syyed _981005 |
||
| 245 | _aChaand Garehan | ||
| 260 |
_aLAHORE _bSang E Meel Publications _c2013 |
||
| 300 | _b424P | ||
| 650 | _2Urdu Literature-Drama | ||
| 942 |
_2ddc _cBK |
||
| 999 |
_c585910 _d585910 |
||